000
00340nam a2200145Ia 4500
008
230718s9999 xx 000 0 und d
041
_a
Eng.
082
_a
347.09
_b
MAR-T
100
_a
Marshall, Enid A.
245
4
_a
the law of Axibration
260
_a
Pakistan
_b
Soveet and Manoel
_c
2000
300
_a
206
650
_a
Law
999
_c
28952
_d
28952